Quartiers et arrondissements de Paris - Statistiques

Statistiques générales
  • Ce quiz a été pris 104 fois
  • Le résultat moyen est 32 sur 100
Statistiques - réponses
Numéro Nom de l'arrondissement % Correct
1er Louvre
75%
9e Opéra
65%
4e Hôtel-de-ville
63%
5e Panthéon
62%
6e Luxembourg
60%
20e Ménilmontant
60%
2e Bourse
58%
16e Passy
58%
19e Buttes-Chaumont
56%
4e Notre-Dame
54%
17e Batignolles
52%
14e Montparnasse
52%
3e Temple
48%
20em Belleville
46%
8e Elysée
46%
13e Gare
44%
12e Reuilly
44%
1er Palais-Royal
42%
7e Invalides
40%
8e Madeleine
40%
16e Auteuil
38%
8e Champs-Élysées
38%
10e Entrepôt
38%
13e Gobelins
38%
6e Odéon
38%
20e Père-Lachaise
38%
11e Popincourt
38%
5e Sorbonne
38%
15e Vaugirard
38%
12e Bercy
37%
14e Observatoire
37%
7e Palais-Bourbon
37%
1er Halles
35%
17e Ternes
35%
18e Buttes-Montmartre
33%
20e Charonne
33%
18e Clignancourt
33%
18e Goutte-d'Or
33%
15e Grenelle
33%
19e Villette
33%
3e Archives
31%
2e Bonne-Nouvelle
31%
5e Jardin-des-Plantes
31%
11e Saint-Ambroise
31%
6e Saint-Germain-des-Prés
31%
3e Arts-et-Métiers
29%
3e Enfants-Rouges
29%
10e Hôpital-Saint-Louis
29%
19e Amérique
27%
17e Épinettes
27%
8e Europe
27%
9e Faubourg-Montmartre
27%
7e Gros-Caillou
27%
16e Porte-Dauphine
27%
10e Porte-Saint-Denis
27%
9e Saint-Georges
27%
4e Arsenal
25%
12e Bel-Air
25%
18e Grandes-Carrières
25%
15e Javel
25%
9e Rochechouart
25%
18e Chapelle
23%
19e Combat
23%
7e École-Militaire
23%
6e Monnaie
23%
6e Notre-Dame-des-Champs
23%
12e Picpus
23%
1er Place-Vendôme
23%
14e Plaisance
23%
20e Saint-Fargeau
23%
15e Saint-Lambert
23%
5e Saint-Victor
23%
2e Vivienne
23%
9e Chaussée-d'Antin
21%
13e Maison-Blanche
21%
12e Quinze-Vingts
21%
11e Roquette
21%
1er Saint-Germain-l'Auxerrois
21%
4e Saint-Gervais
21%
4e Saint-Merri
21%
10e Saint-Vincent-de-Paul
21%
13e Salpêtrière
21%
16e Chaillot
19%
8e Faubourg-du-Roule
19%
11e Folie-Méricourt
19%
2e Mail
19%
16e Muette
19%
15e Necker
19%
14e Petit-Montrouge
19%
19e Pont-de-Flandre
19%
11e Sainte-Marguerite
19%
2e Gaillon
17%
17e Plaine-de-Monceaux
17%
7e Saint-Thomas-d'Aquin
17%
5e Val-de-Grâce
17%
14e Parc-de-Montsouris
15%
3e Sainte-Avoye
15%
17e Batignolles-Monceaux
13%
13e Croulebarbe
13%
Aucun quiz correspondant
Distribution des résultats
% des personnes avec chaque résultat
Percentile par nombre de réponses
Votre historique - résultats
Vous n’avez pas pris ce quiz